[Event "5th Shamkir Chess 2018"]
[Site "Shamkir"]
[Date "2018.04.19"]
[Round "1"]
[White "Mamedyarov, Shakhriyar"]
[Black "Carlsen, Magnus"]
[Result "1/2-1/2"]
[WhiteElo "2814"]
[BlackElo "2842"]
[Annotator "TA"]
[PlyCount "81"]
[EventDate "2018.??.??"]
[EventType "tourn"]
[EventCountry "AZE"]
[SourceTitle "playchess.com"]
[Source "ChessBase"]
[SourceQuality "1"]

{[%evp 15,81,20,15,0,0,0,0,0,3,0,0,0,0,0,0,0,6,8,0,4,16,13,31,16,7,7,12,7,6,7,10,4,4,0,0,0,0,0,0,0,0,0,0,0,0,0,0,0,0,0,0,0,0,0,0,0,0,0,0,0,0,0,0,0,0,0,0,0]} 1. d4 Nf6 2. c4 g6 3. Nc3 Bg7 4. g3 O-O 5. Bg2 Nc6 6. Nf3 d5 7. cxd5 Nxd5 8. O-O e5 {[%cal Re5d4] LiveBook: 14 Games. D74: Fianchetto Grünfeld: Main Line (5 Nf3 0-0 6 cxd5 Nxd5 7 0-0)} (8... Bf5 9. Ng5 Nxc3 10. bxc3 e5 11. Qb3 Rb8 12. dxe5 Nxe5 13. Ne4 h6 14. Rd1 Qc8 15. Bf4 Re8 16. Nc5 {½-½ (55) Grischuk,A (2767)-Svidler,P (2760) Moscow 2018}) 9. Nxe5 (9. Bg5 {NOTEXT} f6 10. Bc1 Nxc3 11. bxc3 e4 12. Nd2) 9... Nxc3 10. Nxc6 Nxd1 11. Nxd8 Rxd8 12. Rxd1 Rxd4 13. Be3 Rxd1+ $1 14. Rxd1 {[#] Intending Rd8+ and mate.} Bf6 $1 15. Bd4 Bxd4 16. Rxd4 $11 {[%mdl 4096] Endgame And now Rd8+ would win. KRB-KRB} Be6 $146 17. f4 c6 18. Rb4 b6 19. Bxc6 Rc8 {The position is equal.} 20. Bb5 Bxa2 21. Ra4 Be6 22. Rxa7 Rc1+ 23. Kf2 {Black should prevent Bd3.} Rb1 24. Bd7 (24. Rb7 {NOTEXT} Rxb2 25. Bd3 Rb4 26. Rb8+ Kg7 27. Ke3) 24... Bxd7 25. Rxd7 Rxb2 {KR-KR} 26. g4 b5 {[%cal Bb6b5,Bb5b4,Bb4b3][%mdl 32]} 27. Rb7 b4 28. g5 b3 29. Kf3 Rb1 30. Ke4 Kg7 31. Ke5 Rb2 32. e4 Rxh2 33. Rxb3 h6 34. gxh6+ Rxh6 35. Rg3 Rh8 36. Rb3 Re8+ 37. Kd4 Ra8 38. Ke3 Ra7 39. Kf3 Ra8 40. Kg4 Ra7 41. Rc3 {Precision: White = 69%, Black = 97%.} 1/2-1/2

[Event "5th Shamkir Chess 2018"]
[Site "Shamkir"]
[Date "2018.04.19"]
[Round "1"]
[White "Ding, Liren"]
[Black "Wojtaszek, Radoslaw"]
[Result "1/2-1/2"]
[WhiteElo "2778"]
[BlackElo "2744"]
[Annotator "TA"]
[PlyCount "133"]
[EventDate "2018.??.??"]
[EventType "tourn"]
[EventCountry "AZE"]
[SourceTitle "playchess.com"]
[Source "ChessBase"]
[SourceQuality "1"]

{[%evp 14,133,4,0,10,10,12,1,9,13,31,27,32,29,34,27,29,22,26,27,28,41,91,86,108,106,114,88,84,87,92,83,115,115,117,108,122,123,131,119,122,106,106,106,106,79,106,96,106,94,95,79,79,81,95,94,95,95,95,94,300,305,407,553,526,520,526,481,485,431,445,237,568,552,539,514,536,512,493,487,465,423,392,374,292,0,0,0,0,0,0,0,0,0,0,0,0,0,0,0,0,0,0,0,0,0,0,0,0,0,0,0,0,0,0,0,0,0,0,0,0,0]} 1. c4 Nf6 2. Nc3 e5 3. Nf3 Nc6 4. g3 Bb4 5. Bg2 d6 6. O-O O-O 7. d3 Re8 8. Bd2 {LiveBook: 10 Games} Nd4 {A28: English Opening: Four Knights Variation} (8... a5 9. a3 Bxc3 10. Bxc3 a4 11. Qc2 Nd7 12. Rad1 Nc5 13. d4 exd4 14. Nxd4 Bd7 15. e4 Nxd4 16. Bxd4 {½-½ (36) Van Wely,L (2676)-Volokitin,A (2652) Germany 2017}) 9. a3 Nxf3+ 10. Bxf3 Bxc3 11. Bxc3 c6 12. e4 $146 ({Find the theoretical novelty and annotate with similar games:} 12. Bg2) 12... Bh3 13. Re1 c5 14. b4 {[%cal Bb2b4,Bb4b5][%mdl 32]} b6 15. a4 {[%cal Ba3a4,Ba4a5][%mdl 32]} Nd7 16. a5 Be6 17. Ra3 Rb8 18. b5 $1 Qc8 19. axb6 axb6 20. Re2 Ra8 21. Rea2 Rxa3 22. Rxa3 Qc7 23. Bg2 Nf8 24. f4 {[%cal Bf2f4,Bf4f5][%mdl 32]} f6 25. f5 Bc8 26. Bd2 Bb7 27. g4 h6 28. h4 Nh7 29. Bf3 Qe7 30. Kf2 Rb8 31. Qc1 Ra8 32. Rxa8+ Bxa8 33. Qa1 $36 {[%mdl 2048] White has strong initiative.} Bb7 34. Qa7 Qc7 35. g5 fxg5 36. hxg5 Nxg5 $2 (36... hxg5 $16 {was necessary.} 37. Be3 Kf7 38. Bh5+ Kg8) 37. Bxg5 $18 hxg5 38. Bh5 Kf8 39. Kg3 Ke7 40. Kg4 Kd8 41. Bg6 $1 {[%cal Rg6h7]} Ke7 42. Kxg5 Kf8 $2 (42... Kd8 {is more resistant.} 43. Kg4 Ke7) 43. Kh5 Ke7 44. Kg4 Kd8 45. Bh7 $1 {[%cal Rh7g6]} Ke8 {[#]} 46. Bg8 $1 {[%cal Rg8d5] Threatens to win with Bd5.} g6 {[#] ...gxf5+ is the strong threat.} 47. Bd5 $1 gxf5+ 48. Kf3 fxe4+ 49. Ke3 $2 ({Not} 49. dxe4 Qc8 $11) (49. Ke2 $18) 49... Qd8 $1 $11 {White must now prevent ...Bxd5.The position is equal.} 50. Bxb7 Qg5+ 51. Kxe4 Qf4+ 52. Kd5 Qf3+ 53. Kxd6 Qf6+ 54. Kd5 Qf3+ 55. Kxe5 Qg3+ 56. Kf5 Qh3+ 57. Kf4 {Bc6+ would kill now.} Qh4+ 58. Kf3 Qf6+ $1 59. Ke2 Qb2+ 60. Ke1 Qc1+ 61. Ke2 Qb2+ 62. Kf1 Qc1+ 63. Kg2 Qd2+ 64. Kg3 Qg5+ 65. Kf3 Qf6+ $1 66. Ke3 Qd4+ 67. Ke2 {Precision: White = 65%, Black = 54%.} 1/2-1/2

[Event "5th Shamkir Chess 2018"]
[Site "Shamkir"]
[Date "2018.04.19"]
[Round "1"]
[White "Giri, Anish"]
[Black "Karjakin, Sergey"]
[Result "1/2-1/2"]
[WhiteElo "2777"]
[BlackElo "2778"]
[Annotator "TA"]
[PlyCount "53"]
[EventDate "2018.??.??"]
[EventType "tourn"]
[EventCountry "AZE"]
[SourceTitle "playchess.com"]
[Source "ChessBase"]
[SourceQuality "1"]

{[%evp 25,53,24,20,0,9,0,4,-14,0,-4,-4,-6,10,11,0,0,38,62,61,19,18,6,12,0,9,0,21,0,8,0]} 1. d4 Nf6 2. c4 e6 3. Nc3 Bb4 4. Qc2 d5 5. cxd5 exd5 6. Bg5 h6 7. Bh4 c5 8. dxc5 g5 9. Bg3 Ne4 10. e3 Nc6 11. Bd3 {E35: Nimzo-Indian: Classical: 4...d5 5 cxd5 exd5} Nxg3 12. hxg3 d4 (12... Be6 13. Nge2 Bxc5 14. O-O-O Rc8 15. Bf5 Nb4 16. Qa4+ Nc6 17. g4 Kf8 18. Nxd5 Bxd5 19. Bxc8 Nb4 20. Bxb7 Bxe3+ 21. Kb1 Qb6 22. Rxd5 Qxb7 23. Re5 {1-0 (23) Sanchez,S (2388)-Rios,C (2499) Medellin 2017}) 13. exd4 Qxd4 {LiveBook: 6 Games} 14. Nf3 Qxc5 15. O-O Be6 16. Rfc1 $146 ({Predecessor:} 16. a3 Bxc3 17. Qxc3 Qxc3 18. bxc3 O-O-O {0-1 (32) Achermann,J (1653)-Bilsel,S (2070) LSS email 2009}) 16... g4 17. Ne1 O-O-O 18. Be4 Kb8 {[#] Hoping for ...Nd4.} 19. Nd3 Qc4 20. Qe2 {Threatens to win with a4.} Qa6 21. Nxb4 Nxb4 22. Qe3 Qb6 {The position is equal.} 23. Qf4+ Qd6 24. Qe3 {[#] aiming for Nb5.} Qd4 25. Qf4+ Qd6 26. Qe3 {And now Nb5 would win.} Qd4 27. Qf4+ {Precision: White = 32%, Black = 63%.} 1/2-1/2

[Event "5th Shamkir Chess 2018"]
[Site "Shamkir"]
[Date "2018.04.19"]
[Round "1"]
[White "Navara, David"]
[Black "Mamedov, Rauf"]
[Result "1/2-1/2"]
[WhiteElo "2745"]
[BlackElo "2704"]
[Annotator "TA"]
[PlyCount "78"]
[EventDate "2018.??.??"]
[EventType "tourn"]
[EventCountry "AZE"]
[SourceTitle "playchess.com"]
[Source "ChessBase"]
[SourceQuality "1"]

{[%evp 19,78,13,19,0,34,22,13,10,16,5,19,31,24,0,0,0,0,0,0,0,0,0,34,34,35,35,33,36,36,32,30,29,34,28,65,64,71,0,0,0,34,31,41,37,29,31,47,0,0,0,0,0,0,0,0,0,0,0,0,0,0]} 1. e4 c5 2. Nf3 Nc6 3. Nc3 g6 4. d4 cxd4 5. Nxd4 Bg7 6. Be3 Nf6 7. Bc4 O-O 8. Bb3 Re8 {B35: Sicilian: Accelerated Dragon with 5 Nc3: main line} 9. f3 e6 (9... d5 10. Bxd5 Nxd5 11. Nxd5 Be6 12. c4 Rc8 13. O-O Nxd4 14. Bxd4 Rxc4 15. Bxg7 Kxg7 16. b3 {½-½ (26) Navara,D (2737)-Dubov,D (2701) Batumi 2018}) 10. f4 d6 {LiveBook: 7 Games} 11. Ndb5 Bf8 12. Qf3 a6 13. Nd4 Na5 14. O-O b5 $146 ({Predecessor:} 14... Bg7 15. e5 Nd7 16. exd6 {½-½ (35) Dobrica,D (2379)-Sitorus,Y (2261) ICCF email 2016}) 15. f5 exf5 16. exf5 Bb7 $1 {[%cal Rb7f3]} 17. Bxf7+ Kxf7 18. Qg3 Bg7 19. fxg6+ $1 hxg6 20. Bg5 $1 Nc6 ({Not} 20... Qb6 $2 21. Bxf6 Qc5 {[#]} 22. b4 $1 $18 {[%mdl 512]}) (20... Re5 {is interesting.} 21. Rf2 Rxg5 22. Qxg5 Qb6 23. Rf4 Qc5) 21. Rxf6+ Bxf6 22. Rf1 Nxd4 23. Bxf6 Qxf6 24. Rxf6+ Kxf6 25. Qh4+ Ke5 26. Qh7 {[#]} Bxg2 $1 27. Qg7+ (27. Kxg2 Nf5) 27... Ke6 28. Qxg6+ ({White should play} 28. Kxg2 $16 Nf5 29. Qxg6+ Ke5 30. Kh1) 28... Kd7 $11 29. Qg7+ Ke6 30. Qxd4 Rg8 {Hoping for ...Raf8.} 31. Kf2 Raf8+ 32. Ke3 Rg5 33. Qb6 Rc5 {The position is equal.} 34. Ne2 {Black must now prevent Nf4+.} Rf3+ 35. Kd2 Rf2 $1 {Strongly threatening ...Rd5+.} 36. Ke3 Rf3+ 37. Kd2 Rf2 $1 {aiming for ...Rd5+.} 38. Ke3 Rf3+ 39. Kd2 {Nd4+ is the strong threat.} Rf2 $1 {Precision: White = 83%, Black = 68%.} 1/2-1/2

[Event "5th Shamkir Chess 2018"]
[Site "Shamkir"]
[Date "2018.04.20"]
[Round "2"]
[White "Carlsen, Magnus"]
[Black "Navara, David"]
[Result "1/2-1/2"]
[WhiteElo "2843"]
[BlackElo "2745"]
[Annotator "TA"]
[PlyCount "99"]
[EventDate "2018.??.??"]
[EventType "tourn"]
[EventCountry "AZE"]
[SourceTitle "playchess.com"]
[Source "ChessBase"]
[SourceQuality "1"]

{[%evp 14,99,17,10,19,19,26,19,26,25,38,38,30,36,32,27,51,45,40,38,44,48,41,22,10,0,5,7,10,0,0,0,0,8,0,0,0,0,0,0,0,0,0,-2,0,-17,-15,-20,0,0,0,0,0,0,0,0,0,0,0,0,0,0,0,0,0,0,0,0,0,0,0,0,0,0,0,0,0,0,0,0,0,0,0,0,0,0,0,0]} 1. e4 c6 2. d4 d5 3. e5 Bf5 4. Nd2 e6 5. Nb3 Nd7 6. Nf3 a6 {B12: Caro-Kann: Advance Variation} 7. Be2 c5 8. c3 {LiveBook: 9 Games} h6 (8... c4 $5 {[%cal Rc4b3]} 9. Nbd2 Ne7 $11) 9. dxc5 Bxc5 10. Nxc5 Nxc5 11. Be3 Nd7 $146 ({Predecessor:} 11... Rc8 12. O-O Ne7 13. Nd4 O-O 14. a4 {0-1 (41) Wei,Y (2743)-Navara,D (2740) Yancheng 2017}) 12. Nd4 Ne7 13. f4 Be4 14. O-O Nc6 15. Nxc6 bxc6 16. c4 O-O 17. cxd5 cxd5 18. b4 f6 {The position is equal.} 19. exf6 Qxf6 20. Rc1 e5 21. Bd3 Qg6 {[%csl Ge4][%cal Rg6g2] [#]} 22. Bxe4 Qxe4 23. Re1 {Bc5 is the strong threat.} d4 $1 {[%cal Rd4e3]} 24. Qb3+ Kh8 25. Bd2 $1 Qf5 26. Qh3 Qxh3 27. gxh3 exf4 28. Rc4 Rad8 29. Re6 Rf6 30. Re4 Nb6 31. Rcxd4 Rxd4 32. Rxd4 $11 {[%mdl 4096] Endgame KRB-KRN} g5 {[#]} 33. h4 $1 {[%mdl 512]} Kg7 (33... gxh4 34. Bxf4) 34. hxg5 hxg5 35. h4 Kg6 36. Kg2 gxh4 37. Bxf4 Rc6 38. Kf3 Kf5 39. Be3 Rc3 40. Rf4+ Ke5 41. Rxh4 {Black must now prevent Rh5+.} Nc4 42. Re4+ Kd5 {aiming for ...Nd2+.} 43. Kf4 Nxe3 44. Rxe3 Rxe3 45. Kxe3 {KPP-KP} Kc4 46. a3 Kb3 47. Kd4 Kxa3 48. Kc5 Kb3 49. b5 axb5 50. Kxb5 {Precision: White = 76%, Black = 81%.} 1/2-1/2

[Event "5th Shamkir Chess 2018"]
[Site "Shamkir"]
[Date "2018.04.20"]
[Round "2"]
[White "Karjakin, Sergey"]
[Black "Ding, Liren"]
[Result "1/2-1/2"]
[WhiteElo "2778"]
[BlackElo "2778"]
[Annotator "TA"]
[PlyCount "54"]
[EventDate "2018.??.??"]
[EventType "tourn"]
[EventCountry "AZE"]
[SourceTitle "playchess.com"]
[Source "ChessBase"]
[SourceQuality "1"]

{[%evp 17,54,14,27,17,12,5,8,4,12,12,12,8,10,0,0,0,0,0,0,0,0,3,6,0,0,0,6,0,0,0,0,0,0,0,0,0,0,0,0]} 1. e4 e5 2. Nf3 Nc6 3. Bc4 Nf6 4. d3 Bc5 5. c3 d6 6. O-O O-O 7. h3 a5 {C54: Giuoco Piano: 4 c3 Nf6, main lines with 5 d4 and 5 d3} 8. Re1 h6 9. Nbd2 Be6 {LiveBook: 31 Games} 10. b3 $146 ({Predecessor:} 10. Bb5 Qb8 11. Nh4 Ne7 12. Ndf3 c6 13. Ba4 Qc7 14. d4 Ba7 15. Bc2 {0-1 (33) Bacrot,E (2718)-Ding,L (2778) Liaocheng 2018}) 10... Ba7 {The position is equal.} 11. Nf1 d5 12. exd5 Nxd5 13. Bd2 Qf6 14. N1h2 Rad8 15. Ng4 Bxg4 $1 16. hxg4 e4 17. g5 hxg5 18. Bxg5 Nxc3 19. Bxf6 Nxd1 20. Raxd1 gxf6 21. Rxe4 Rfe8 $132 {[%mdl 2048] [#] ...Rxe4 is the strong threat. Black is not keeping still} 22. Rde1 Rxe4 23. Rxe4 Kf8 24. Rh4 Kg7 25. Rg4+ Kf8 26. Rh4 Kg7 27. Rg4+ Kf8 {Precision: White = 93%, Black = 82%.} 1/2-1/2

[Event "5th Shamkir Chess 2018"]
[Site "Shamkir"]
[Date "2018.04.20"]
[Round "2"]
[White "Topalov, Veselin"]
[Black "Giri, Anish"]
[Result "1/2-1/2"]
[WhiteElo "2749"]
[BlackElo "2777"]
[Annotator "TA"]
[PlyCount "97"]
[EventDate "2018.??.??"]
[EventType "tourn"]
[EventCountry "AZE"]
[SourceTitle "playchess.com"]
[Source "ChessBase"]
[SourceQuality "1"]

{[%evp 16,97,7,8,14,13,23,-47,-21,-26,0,10,20,10,29,21,29,19,40,32,41,21,39,42,61,43,59,15,22,14,18,0,0,0,0,0,0,0,0,0,0,0,0,0,0,0,95,102,226,215,224,206,236,228,206,234,234,227,234,209,216,97,95,111,100,26,44,0,0,0,0,0,0,0,0,0,0,0,0,0,0,0,0,0]} 1. c4 Nf6 2. Nc3 e5 3. Nf3 Nc6 4. a3 d5 5. cxd5 Nxd5 6. Qc2 Nxc3 7. dxc3 {A28: English Opening: Four Knights Variation} (7. bxc3 Bd6 8. e3 O-O 9. d4 Qe7 10. Be2 b6 11. O-O Bb7 12. Re1 Rfe8 13. Bb2 Na5 14. Bb5 c6 {1-0 (22) Kramnik,V (2808)-Karjakin,S (2781) Stavanger 2017}) 7... Bd6 8. e4 O-O 9. Bc4 {LiveBook: 3 Games} Qe7 $146 ({Predecessor:} 9... a5 10. a4 Bg4 11. h3 Bxf3 12. gxf3 Qf6 13. Rg1 h6 14. Be3 Rfd8 {0-1 (30) Muthaiah,A (2316)-Preotu,R (2463) Porto Carras 2015}) 10. Bg5 Qe8 11. O-O-O ({White should try} 11. Rd1 $11) 11... Be6 (11... Na5 $5 {[%cal Ra5c4]} 12. Bd5 h6 $11) 12. Bd5 f6 (12... b5 {with more complications.} 13. Kb1 Rb8 14. Nh4 b4 15. axb4 a5) 13. Be3 Bxd5 14. Rxd5 Ne7 15. Rdd1 Qc6 16. Nd2 a5 17. Qb3+ Kh8 18. Qc4 Qd7 19. a4 b6 20. f3 Rab8 21. Kc2 b5 22. axb5 Rxb5 23. Ra1 Rfb8 24. b3 Ng6 25. Qa4 Qe7 26. Nc4 {[#] Ba7 is the strong threat.} Bc5 27. Bxc5 Qxc5 28. Rhd1 {And now Rd5 would win.} Nf4 29. Rd2 h6 30. Qa3 a4 (30... Qc6 $11 {remains equal.} 31. Nxa5 Qe8) 31. bxa4 $16 Rb4 {[#]} (31... Ra8 $16 32. Qxc5 (32. axb5 Rxa3 33. Nxa3 Kh7 $11) 32... Rxc5) 32. Rb1 $1 $18 {[%cal Rb1b4][%mdl 512]} Qxc4 (32... Rxb1 33. Qxc5) 33. Rxb4 Rxb4 34. Qxb4 {[%mdl 4096] Endgame KQR-KQN} Qa2+ 35. Qb2 Qxa4+ 36. Qb3 Qa6 37. g3 Ne6 38. Qd5 (38. h4 $18 {is the precise move to win.}) 38... Ng5 $16 39. f4 Nf3 40. Rd1 ({Better is} 40. Rf2 $16) 40... Qe2+ 41. Kb3 (41. Kc1 $5 {[%cal Rd5d3]}) 41... Nd4+ $1 {The position is equal.} 42. Rxd4 exd4 43. Qxd4 Qxh2 $11 {KQ-KQ} 44. Qd8+ Kh7 45. Qd3 {Threatens to win with e5+.} Kh8 46. e5 fxe5 47. fxe5 Qg2 48. Qd8+ Kh7 49. Qd3+ {Precision: White = 65%, Black = 51%.} 1/2-1/2

[Event "5th Shamkir Chess 2018"]
[Site "Shamkir"]
[Date "2018.04.20"]
[Round "2"]
[White "Wojtaszek, Radoslaw"]
[Black "Mamedyarov, Shakhriyar"]
[Result "1/2-1/2"]
[WhiteElo "2744"]
[BlackElo "2814"]
[Annotator "TA"]
[PlyCount "62"]
[EventDate "2018.??.??"]
[EventType "tourn"]
[EventCountry "AZE"]
[SourceTitle "playchess.com"]
[Source "ChessBase"]
[SourceQuality "1"]

{[%evp 23,62,20,22,35,18,31,37,29,21,25,25,20,23,19,19,20,37,27,23,18,21,0,0,0,5,5,5,2,1,12,6,0,0,0,0,0,0,0,0,0,0]} 1. d4 Nf6 2. c4 e6 3. g3 d5 4. Bg2 dxc4 5. Nf3 Nc6 6. Qa4 Bb4+ 7. Bd2 Nd5 8. Bxb4 Ndxb4 9. Ne5 O-O {E04: Open Catalan: 5 Nf3} (9... Bd7 10. O-O Rb8 11. Nxc6 bxc6 12. Na3 c5 13. Qxa7 cxd4 14. Qxd4 O-O 15. Qxc4 e5 16. Rfd1 Qc8 17. Qc3 {½-½ (38) Lysyj,I (2618)-Frolyanov,D (2576) Khanty-Mansiysk 2017}) 10. Nxc6 Nxc6 11. e3 e5 12. d5 Ne7 {LiveBook: 6 Games} 13. Qxc4 {[#]} c6 $1 {[%mdl 512]} 14. dxc6 Nxc6 15. Nc3 Be6 16. Qb5 Qb6 17. Qxb6 axb6 18. O-O $146 ({Find the theoretical novelty and annotate with similar games:} 18. Bd5 Bxd5 19. Nxd5 b5 {½-½ (19) Retamoza,F (2260)-Baranowski,T (2315) LSS email 2011}) 18... Rfd8 19. Rfd1 Kf8 20. Bd5 Ke7 21. Kf1 f5 {The position is equal.} 22. f3 b5 23. Bxe6 Rxd1+ 24. Rxd1 Kxe6 $11 {[%mdl 4096] Endgame KRN-KRN} 25. a3 b4 26. axb4 Nxb4 27. Ke2 Na2 28. Rb1 Nb4 29. Rd1 Na2 30. Rb1 Nb4 31. Rd1 Na2 {Precision: White = 55%, Black = 89%.} 1/2-1/2

[Event "5th Shamkir Chess 2018"]
[Site "Shamkir"]
[Date "2018.04.21"]
[Round "3"]
[White "Mamedyarov, Shakhriyar"]
[Black "Karjakin, Sergey"]
[Result "1/2-1/2"]
[WhiteElo "2814"]
[BlackElo "2778"]
[Annotator "TA"]
[PlyCount "77"]
[EventDate "2018.??.??"]
[EventType "tourn"]
[EventCountry "AZE"]
[SourceTitle "playchess.com"]
[Source "ChessBase"]
[SourceQuality "1"]

{[%evp 23,77,20,34,-4,0,0,0,0,2,0,0,0,0,0,0,0,0,0,20,7,8,0,0,0,12,0,0,0,0,0,0,0,0,0,0,0,0,0,18,16,15,0,0,0,0,0,0,0,0,0,0,0,4,0,0,0]} 1. d4 Nf6 2. c4 e6 3. Nc3 Bb4 4. Qc2 d5 5. a3 Bxc3+ 6. Qxc3 Ne4 7. Qc2 c5 8. dxc5 Nc6 9. Nf3 {[%cal Bg1f3,Bf3d2,Bd2e4][%mdl 32]} Qa5+ 10. Bd2 {E37: Nimzo-Indian: Classical: 4...d5 5 a3 Bxc3+ 6 Qxc3 Ne4} Qxc5 11. e3 Nxd2 12. Nxd2 dxc4 {LiveBook: 22 Games} 13. O-O-O $146 ({Predecessor:} 13. b4 Qf5 14. Qxf5 exf5 15. Bxc4 Ke7 16. Nf3 Be6 17. Bxe6 fxe6 {½-½ (39) So,W (2799)-Karjakin,S (2763) Berlin 2018}) 13... Qf5 {The position is equal.} 14. Ne4 {[#] Strongly threatening Nd6+.} O-O 15. Bxc4 Ne5 16. g4 Nxg4 17. Rhg1 {With the idea f3!} Nf6 18. Bd3 $1 Nxe4 19. Bxe4 Qh5 20. f4 f5 21. Bh1 Qf7 22. Kb1 e5 23. fxe5 Be6 24. Rd6 Rac8 25. Qd2 {[#] And now Rxe6! would win.} Rc5 {[%cal Bc8c5,Bc5e5,Be5e7][%mdl 32]} 26. Bxb7 Rxe5 27. Qd4 Ba2+ 28. Ka1 Re7 $1 {[%cal Re7b7]} 29. Bc6 Bb3 30. Rc1 f4 31. exf4 Qxf4 {[%cal Rf4c1]} 32. Bd5+ Bxd5 33. Qxd5+ Kh8 34. Qd2 h6 35. Ka2 Qf7+ 36. Ka1 Qf4 37. Ka2 Qf7+ 38. Ka1 Qf4 39. Ka2 {Precision: White = 63%, Black = 83%.} 1/2-1/2

[Event "5th Shamkir Chess 2018"]
[Site "Shamkir"]
[Date "2018.04.21"]
[Round "3"]
[White "Ding, Liren"]
[Black "Topalov, Veselin"]
[Result "1/2-1/2"]
[WhiteElo "2778"]
[BlackElo "2749"]
[Annotator "TA"]
[PlyCount "114"]
[EventDate "2018.??.??"]
[EventType "tourn"]
[EventCountry "AZE"]
[SourceTitle "playchess.com"]
[Source "ChessBase"]
[SourceQuality "1"]

{[%evp 30,114,33,25,23,23,45,33,56,46,51,30,20,8,10,-14,20,14,26,0,31,-36,0,0,12,0,0,0,13,0,8,0,0,0,0,0,0,-63,-71,-60,-64,-72,-75,-103,-97,-132,-124,-92,-54,-50,-19,-20,-19,-157,-154,-425,0,0,-8,-8,0,0,0,0,0,0,0,0,0,0,0,0,0,0,0,0,0,0,0,0,0,0,0,0,0,0,0]} 1. d4 Nf6 2. c4 e6 3. Nf3 d5 4. Nc3 c6 5. e3 Nbd7 6. Be2 Bd6 7. O-O O-O 8. b3 b6 9. Bb2 Bb7 10. Qc2 Qe7 11. Rfe1 Rfe8 12. Rad1 Rad8 13. Bf1 {D45: Semi-Slav: 5 e3} (13. e4 Nxe4 14. Nxe4 dxe4 15. Qxe4 Bb4 16. Rf1 Bd6 17. Ne5 f5 18. Qf3 Nxe5 19. dxe5 Bc5 20. Bc3 a5 21. Qf4 {½-½ (21) Radjabov,T (2741)-Giri,A (2762) Palma de Mallorca 2017}) 13... c5 14. cxd5 exd5 15. g3 a6 16. Bg2 {LiveBook: 11 Games} Rc8 17. Qb1 {[#]} h6 $146 ({Find the theoretical novelty and annotate with similar games:} 17... Rc7 18. dxc5 Bxc5 19. Nd4 Bb4 20. Rc1 Rec8 {½-½ (63) Brooks,I (2569)-Copar,A (2503) ICCF email 2012}) 18. Nh4 c4 19. Nf5 Qf8 $1 20. Nxd6 Qxd6 21. bxc4 Rxc4 22. a4 Rec8 (22... Ne4 $5 {[%cal Re4c3]} 23. Rc1 Ndf6 $11) 23. Rc1 h5 24. h3 Nf8 {[%cal Bd7f8,Bf8e6,Be6g5,Bg5e4][%mdl 32]} 25. Qa2 ({Better is} 25. h4 $14) 25... Ne6 (25... h4 $5 26. g4 (26. gxh4 Ng6 $17) 26... Qb4 $11) 26. Qb3 Qd8 27. Re2 Bc6 28. Rec2 {And now Nxd5 would win.} b5 29. axb5 axb5 30. Nb1 Ng5 31. h4 $1 {[%cal Rh4g5]} Nge4 32. Na3 Qe7 33. Qd3 (33. Nxc4 $11 dxc4 34. Qa2) 33... Rxc2 $15 34. Nxc2 Bd7 35. Qa3 Qe8 36. Nb4 Rc4 37. Rxc4 bxc4 38. Bc1 Be6 39. Na6 Qb5 40. Nc5 Kh7 41. Nxe6 (41. Bxe4+ $11 {keeps the balance.} Nxe4 42. Nxe4 dxe4 43. Bb2) 41... fxe6 $17 42. Bf1 $2 {[#]} (42. Bf3 $17 {might work better.}) 42... Nxf2 $2 ({Black should play} 42... Ng4 $1 $19 43. Qb2 Qxb2 44. Bxb2 Nexf2) 43. Kxf2 $11 {Strongly threatening Bg2.The position is equal.} Ne4+ 44. Ke2 $1 c3+ 45. Ke1 Qb1 46. Bg2 {[#] Threatens to win with Bxe4+.} Qc2 {( -> ...Qf2+)} 47. Bxe4+ $1 dxe4 48. Kf1 Kg6 49. Kg1 Kh7 50. Kh1 Kh6 51. Kg1 Kg6 52. Kh1 Qd1+ 53. Kh2 Qe2+ 54. Kg1 Qd1+ 55. Kh2 Qe2+ 56. Kg1 Qe1+ 57. Kg2 Qe2+ {Precision: White = 45%, Black = 51%.} 1/2-1/2

[Event "5th Shamkir Chess 2018"]
[Site "Shamkir"]
[Date "2018.04.21"]
[Round "3"]
[White "Giri, Anish"]
[Black "Radjabov, Teimour"]
[Result "1/2-1/2"]
[WhiteElo "2777"]
[BlackElo "2748"]
[Annotator "TA"]
[PlyCount "80"]
[EventDate "2018.??.??"]
[EventType "tourn"]
[EventCountry "AZE"]
[SourceTitle "playchess.com"]
[Source "ChessBase"]
[SourceQuality "1"]

{[%evp 18,80,21,13,14,21,34,13,0,10,10,11,7,-21,-18,-21,-6,-20,-5,-6,0,0,0,-4,18,20,16,15,16,8,11,0,13,0,0,0,0,0,6,0,5,9,6,2,6,0,0,0,4,1,4,5,8,0,1,0,0,0,0,0,0,0,0,0,0]} 1. e4 e6 2. d4 d5 3. exd5 exd5 4. Nf3 Nf6 5. Bd3 Bd6 6. O-O O-O 7. Bg5 Bg4 8. Nbd2 Nbd7 9. c4 dxc4 {C01: French: Exchange Variation} 10. Nxc4 {LiveBook: 9 Games} Re8 11. h3 $146 ({Predecessor:} 11. Nxd6 cxd6 12. Qb3 Bxf3 13. gxf3 h6 14. Bh4 Qa5 15. Bg3 Nf8 16. Qxb7 Ne6 17. Qb5 Qd8 18. Qb4 Rb8 19. Qxd6 Rxb2 20. Qxd8 {½-½ (20) Grischuk,A (2668)-Akopian,V (2654) Enghien les Bains 2001}) 11... Be6 12. Nxd6 cxd6 {The position is equal.} 13. Nd2 Qa5 14. Bf4 Qb4 15. Bg3 Qxb2 16. Rb1 Qxa2 17. Rxb7 Qd5 18. Rc7 Rec8 19. Rxc8+ Rxc8 20. Qa1 Bf5 (20... Nh5 {feels hotter.} 21. Be4 Qg5 22. Nf3 Qe7 23. d5 Ndf6) 21. Bxf5 Qxf5 22. Qxa7 Qc2 23. Nf3 Qc6 24. Ra1 Ne4 25. d5 Qc3 26. Kh2 Ndf6 27. Ra6 Qb4 28. Qc7 Qb8 $132 {[%mdl 2048] Black puts up resistance} 29. Qxb8 Rxb8 30. Bxd6 Re8 31. Be5 Nxd5 32. Bd4 Nc7 33. Ra2 Ne6 34. Be3 Nd6 35. Rc2 Nf5 36. Rc3 Nxe3 37. Rxe3 Nc7 38. Rc3 Ne6 39. Re3 Nc7 40. Rc3 Ne6 {Precision: White = 52%, Black = 61%.} 1/2-1/2